Movies by Difficulty II Quiz Stats

Quiz Updated Dec 19, 2015

Challenge
Share
Tweet
Score 0/30 Timer 08:00
4 Plays Today
% Correct
Titanic
98.8%
Ghostbusters
97.8%
Back to the Future
97.4%
The Dark Knight
96.3%
Casino Royale
89.8%
Who Framed Roger Rabbit
84.9%
Superbad
82.6%
Walk the Line
82.5%
Zombieland
81.5%
Argo
77.8%
The Perks of Being a Wallflower
56.2%
Limitless
49.6%
I Love You, Man
46.7%
Swingers
44.6%
High Fidelity
43.4%
% Correct
Apocalypto
41.3%
Donnie Brasco
38.3%
Pan's Labyrinth
34%
Gattaca
30.5%
Zodiac
25%
The Station Agent
13.4%
The Hunt
10.2%
Mr. Nobody
9.9%
Apt Pupil
9.4%
The Guard
8.8%
Angel Heart
8.3%
The Painted Veil
6.8%
The Great Debaters
6.6%
Happiness
6%
Nothing but the Truth
2.5%

You're not logged in!

Compare scores with friends on all Sporcle quizzes.
Sign Up with Email
OR
Log In

You Might Also Like...

Show Comments

Extras

Top Quizzes Today


Score Distribution

Your Account Isn't Verified!

In order to create a playlist on Sporcle, you need to verify the email address you used during registration. Go to your Sporcle Settings to finish the process.